[Event "AUTO-OPEN-3886"]
[Site "http://www.queenalice.com/game.php?id=1509671"]
[Date "2017.12.27"]
[Round "1"]
[White "betofortaleza"]
[Black "REUSKING"]
[Result "0-1"]
[WhiteElo "1789"]
[BlackElo "2032"]

1. e4 e5 2. Nf3 Nf6 3. d4 exd4 4. Qxd4 Nc6 5. Qd3 d6 6. Bg5 Be7 7. Be2 O-O 8.
Nc3 Be6 9. O-O-O a5 10. a4 Nb4 11. Qd2 Ng4 12. Rdf1 Ne5 13. Bxe7 Qxe7 14. b3 f6
15. Nxe5 dxe5 16. Kb2 Rad8 17. Qe3 Nc6 18. f4 Nd4 19. f5 Nxe2 20. Qxe2 Bf7 21.
g4 Rd7 22. Rf3 Rfd8 23. Rd1 Rxd1 24. Nxd1 Qb4 25. Nc3 c5 26. Nd5 Bxd5 27. exd5
Rxd5 28. Rc3 h6 29. h4 Rd4 30. Qf2 b6 31. Qf3 Rxg4 32. h5 Qd4 33. Ka2 Qe4 34.
Qf2 Rg2 0-1

[Event "AUTO-OPEN-3886"]
[Site "http://www.queenalice.com/game.php?id=1509672"]
[Date "2017.12.27"]
[Round "1"]
[White "REUSKING"]
[Black "betofortaleza"]
[Result "1-0"]
[WhiteElo "2025"]
[BlackElo "1796"]

1. e4 e5 2. Nf3 Nc6 3. d4 exd4 4. Nxd4 Nxd4 5. Qxd4 d6 6. Bc4 Be6 7. Bb3 Nf6 8.
Nc3 c5 9. Qd3 Bxb3 10. axb3 Be7 11. O-O O-O 12. Bf4 Ng4 13. f3 Nf6 14. Rad1 Qb6
15. Kh1 Rad8 16. Qb5 Qc7 17. Nd5 Nxd5 18. Rxd5 a6 19. Qe2 b5 20. Rfd1 h6 21.
R1d2 g5 22. Bg3 Bf6 23. Bxd6 Rxd6 24. Rxd6 Qa5 25. Rxf6 Re8 26. g3 Rxe4 27. fxe4
1-0

[Event "AUTO-OPEN-3886"]
[Site "http://www.queenalice.com/game.php?id=1509693"]
[Date "2017.12.27"]
[Round "1"]
[White "REUSKING"]
[Black "RJGF"]
[Result "1-0"]
[WhiteElo "2052"]
[BlackElo "1866"]

1. e4 e5 2. Nf3 Nc6 3. d4 exd4 4. Nxd4 Nxd4 5. Qxd4 c5 6. Qa4 Nf6 7. Bc4 a6 8.
O-O b5 9. Bxb5 Bb7 10. Bd3 Qc7 11. Nc3 Bc6 12. Qc4 Ng4 13. g3 Ne5 14. Nd5 Bxd5
15. Qxd5 Nxd3 16. Qxa8+ Qd8 17. Qxd8+ Kxd8 18. cxd3 Bd6 19. Bf4 Be7 20. Rac1 g5
21. Be3 d6 22. e5 Kd7 23. exd6 Bxd6 24. Bxc5 Be5 25. d4 Bg7 26. Ba3 Re8 27. Rfe1
Bf6 28. Rxe8 Kxe8 29. Rc6 1-0

[Event "AUTO-OPEN-3886"]
[Site "http://www.queenalice.com/game.php?id=1509694"]
[Date "2017.12.27"]
[Round "1"]
[White "RJGF"]
[Black "REUSKING"]
[Result "1/2-1/2"]
[WhiteElo "1853"]
[BlackElo "2065"]

1. d4 d5 2. c4 e6 3. cxd5 exd5 4. Nc3 c6 5. Nf3 Bd6 6. e4 dxe4 7. Nxe4 Bf5 8.
Nxd6+ Qxd6 9. Bd3 Bg6 10. O-O Ne7 11. Re1 O-O 12. Bg5 Re8 13. Bxg6 hxg6 14. Bxe7
Rxe7 15. Rxe7 Qxe7 16. Qb3 Na6 17. Re1 Qb4 18. Qc3 f6 19. Qxb4 Nxb4 20. a3 Nd5
21. Nd2 Kf7 22. b4 a5 23. Nc4 axb4 24. axb4 Nxb4 25. Nd6+ Kf8 26. Nxb7 Nc2 27.
Rd1 Nxd4 28. g3 Rb8 29. Nc5 Nf3+ 30. Kg2 Ne5 31. f4 Rb5 32. Ne6+ Ke7 33. Nd4
Rb2+ 34. Kh3 c5 35. fxe5 cxd4 36. exf6+ gxf6 37. Rxd4 Re2 38. g4 g5 39. Kg3 Ke6
40. h3 Ke5 41. Rd3 Ke4 42. Rf3 1/2-1/2

[Event "AUTO-OPEN-3886"]
[Site "http://www.queenalice.com/game.php?id=1509695"]
[Date "2017.12.27"]
[Round "1"]
[White "REUSKING"]
[Black "davidherrera850"]
[Result "1-0"]
[WhiteElo "2024"]
[BlackElo "1168"]

1. e4 e5 2. Nf3 Nc6 3. d4 Nf6 4. d5 Nd4 5. Nxd4 Bc5 6. Nb3 Bd6 7. Nc3 c6 8. Bd3
O-O 9. O-O h6 10. Be3 b5 11. Qf3 Bb7 12. Bc5 Bxc5 13. Nxc5 Bc8 14. d6 b4 15. Ne2
Qb6 16. Nb3 Ba6 17. Bxa6 Qxa6 18. Ng3 c5 19. Nf5 g6 20. Nxh6+ Kg7 21. Ng4 Qxd6
22. Rad1 Qa6 23. Qxf6+ Qxf6 24. Nxf6 Kxf6 25. Nxc5 Rad8 26. Nxd7+ 1-0

[Event "AUTO-OPEN-3886"]
[Site "http://www.queenalice.com/game.php?id=1509696"]
[Date "2017.12.27"]
[Round "1"]
[White "davidherrera850"]
[Black "REUSKING"]
[Result "1/2-1/2"]
[WhiteElo "1154"]
[BlackElo "2038"]

1. e4 e5 2. Nf3 Nf6 3. Nc3 Nc6 4. Bc4 Be7 5. O-O d6 6. h3 O-O 7. d3 Na5 8. Bb3
Nxb3 9. axb3 h6 10. Be3 a6 11. Qd2 Be6 12. b4 Qd7 13. d4 exd4 14. Qxd4 Bxh3 15.
gxh3 Qxh3 16. Nh2 Ng4 17. Bf4 Nxh2 18. Bxh2 Qg4+ 19. Kh1 Qf3+ 20. Kg1 Qg4+ 21.
Kh1 Qf3+ 22. Kg1 Qg4+ 1/2-1/2

[Event "OS INCLIVES"]
[Site "http://www.queenalice.com/game.php?id=1510070"]
[Date "2017.12.31"]
[Round "-"]
[White "adelio"]
[Black "REUSKING"]
[Result "0-1"]
[WhiteElo "1660"]
[BlackElo "2063"]

1. d4 d5 2. e4 dxe4 3. Nc3 Nc6 4. Be3 Nf6 5. f3 exf3 6. Nxf3 e6 7. Be2 Be7 8.
Ng5 h6 9. Nxf7 Kxf7 10. O-O Rf8 11. Bh5+ Kg8 12. Bg6 e5 13. Ne4 Nxe4 14. Rxf8+
Qxf8 15. Bxe4 Bf5 16. Bd5+ Kh8 17. Qd2 Qe8 18. Rf1 Qg6 19. g3 Rf8 20. Qg2 e4 21.
g4 Qxg4 22. Bf4 Qxg2+ 23. Kxg2 Bd6 24. Kg3 Nxd4 25. Bxd6 cxd6 26. Bxb7 Ne2+ 27.
Kg2 Bh3+ 28. Kxh3 Rxf1 29. Bxe4 Nf4+ 30. Kg3 Nh5+ 31. Kg2 Rf4 32. Bf3 Nf6 33.
Kg3 Rb4 34. b3 Ne4+ 35. Kf4 Nd2+ 36. Ke3 Nxf3 37. Kxf3 Rh4 38. Kg3 g5 39. a4 Kg7
40. c3 Kf6 41. b4 Rf4 42. a5 Ke5 43. a6 Kd5 44. b5 Kc5 45. c4 Rxc4 46. b6 Kxb6
47. Kf3 d5 48. h3 Re4 49. Kg3 Rf4 50. Kg2 d4 51. Kg3 d3 52. Kg2 d2 53. h4 d1=Q
54. hxg5 Qf3+ 55. Kg1 Qf2+ 56. Kh1 Rh4# 0-1

[Event "OS INCLIVES"]
[Site "http://www.queenalice.com/game.php?id=1510071"]
[Date "2017.12.31"]
[Round "-"]
[White "adelio"]
[Black "REUSKING"]
[Result "0-1"]
[WhiteElo "1556"]
[BlackElo "2061"]

1. d4 d5 2. c4 e6 3. c5 b6 4. e3 bxc5 5. Bb5+ Bd7 6. Qa4 a6 7. Bxd7+ Qxd7 8.
Qxd7+ Nxd7 9. Nf3 Ngf6 10. Ng5 h6 11. Nxf7 Kxf7 12. Nd2 Bd6 13. Nf3 e5 14. Nh4
exd4 15. Nf5 Rhe8 16. Nxd6+ cxd6 17. O-O d3 18. b3 c4 19. Bb2 Nc5 20. Bxf6 Kxf6
21. b4 Ne4 22. f3 Ng5 23. e4 dxe4 24. fxe4+ Kg6 25. h4 Nxe4 26. Rf4 d5 27. Raf1
Re7 28. Rg4+ Kh7 29. Rf5 Nf6 30. Rgf4 Rae8 31. g4 d2 32. Rf1 Re1 33. g5 Rxf1+
34. Rxf1 Re1 35. gxf6 Rxf1+ 36. Kxf1 d1=Q+ 37. Kg2 gxf6 38. Kg3 c3 39. Kf4 Kg6
40. a4 c2 41. b5 c1=Q+ 42. Kg3 Qe3+ 43. Kg2 Qdd2+ 44. Kh1 Qee1# 0-1

[Event "Challenge"]
[Site "http://www.queenalice.com/game.php?id=1510072"]
[Date "2017.12.31"]
[Round "-"]
[White "Magogue"]
[Black "REUSKING"]
[Result "1-0"]
[WhiteElo "2198"]
[BlackElo "2034"]

1. e4 e5 2. Nf3 Nf6 3. Nc3 Nc6 4. Bb5 a6 5. Bxc6 dxc6 6. Nxe5 Nxe4 7. Nxe4 Qd4
8. O-O Qxe5 9. Re1 Be6 10. d4 Qd5 11. Bf4 Bd6 12. Bxd6 cxd6 13. c4 Qa5 14. Nxd6+
1-0

[Event "Challenge"]
[Site "http://www.queenalice.com/game.php?id=1510073"]
[Date "2017.12.31"]
[Round "-"]
[White "REUSKING"]
[Black "Magogue"]
[Result "1-0"]
[WhiteElo "2026"]
[BlackElo "2265"]

1. e4 e5 2. Nf3 Nf6 3. Nxe5 Qe7 4. Nf3 Nxe4 5. Qe2 Nc6 6. d3 Nf6 7. Bg5 Qxe2+ 8.
Bxe2 Be7 9. Nc3 Nb4 10. O-O-O O-O 11. d4 Re8 12. Bxf6 Bxf6 13. Bc4 d6 14. Rhe1
Be6 15. Bxe6 fxe6 16. a3 Nd5 17. Nxd5 exd5 18. c3 Re4 19. Nd2 Bg5 20. f3 Rh4 21.
h3 Kf7 22. Kc2 Re8 23. Rxe8 Kxe8 24. Re1+ Kd7 25. Nf1 Rh6 26. Re2 Re6 27. Rxe6
Kxe6 28. b3 c5 29. Kd3 Bc1 30. a4 cxd4 31. Kxd4 Ba3 32. Ne3 Bc5+ 33. Kd3 Ke5 34.
g3 g5 35. Ng4+ Kf5 36. Ne3+ Ke5 37. Ng4+ Ke6 38. Ne3 h5 39. a5 Ke5 40. b4 Bxe3
41. Kxe3 b6 42. axb6 axb6 43. b5 Kf6 44. Kd3 h4 45. g4 Kf7 46. Ke3 Kf6 47. f4
1-0

[Event "AUTO-OPEN-3886"]
[Site "http://www.queenalice.com/game.php?id=1526485"]
[Date "2018.5.8"]
[Round "2"]
[White "Scharlatan"]
[Black "REUSKING"]
[Result "1-0"]
[WhiteElo "2074"]
[BlackElo "2066"]

1. Nf3 Nf6 2. c4 c5 3. d4 cxd4 4. Nxd4 e6 5. Nc3 Nc6 6. e4 Bb4 7. Nxc6 Bxc3+ 8.
bxc3 dxc6 9. Qxd8+ Kxd8 10. Bg5 h6 11. Bxf6+ gxf6 12. O-O-O+ Ke7 13. Be2 e5 14.
c5 Be6 15. Rd6 Rad8 16. Rhd1 Rd7 17. a3 Rhd8 18. Rxd7+ Rxd7 19. Rxd7+ Bxd7 20.
g4 Be6 21. Kc2 b6 22. cxb6 axb6 23. Kb2 Kd6 24. a4 Kc5 25. Ka3 Bc4 26. Bd1 Bd3
27. f3 Kc4 28. Kb2 Bf1 29. Kc2 c5 30. Kd2 Bd3 31. h4 Bb1 32. Be2+ Kb3 33. Bd1+
Ka3 34. Ke3 Kb2 35. Kd2 Ba2 36. Be2 c4 37. h5 Ka3 38. Bd1 Bb3 39. Be2 Kxa4 40.
f4 Ba2 41. fxe5 fxe5 42. g5 1-0

[Event "AUTO-OPEN-3886"]
[Site "http://www.queenalice.com/game.php?id=1526486"]
[Date "2018.5.8"]
[Round "2"]
[White "REUSKING"]
[Black "Scharlatan"]
[Result "1-0"]
[WhiteElo "2049"]
[BlackElo "2067"]

1. e4 e6 2. d4 d5 3. exd5 exd5 4. Bd3 c5 5. dxc5 Bxc5 6. Nf3 Nf6 7. O-O O-O 8.
Bf4 Bg4 9. Nbd2 Nc6 10. c3 Ne4 11. Nxe4 dxe4 12. Bxe4 Qb6 13. Qb3 Na5 14. Qxb6
Bxb6 15. h3 Bxf3 16. Bxf3 Rad8 17. Rad1 Nc4 18. b3 Nb2 19. Rb1 Nd3 20. Bg3 g6
21. Bxb7 f5 22. Ba6 f4 23. Bh4 Rd7 24. Bb5 Rd5 25. Bc4 1-0

[Event "AUTO-OPEN-3886"]
[Site "http://www.queenalice.com/game.php?id=1526489"]
[Date "2018.5.8"]
[Round "2"]
[White "BigRezi"]
[Black "REUSKING"]
[Result "1-0"]
[WhiteElo "2361"]
[BlackElo "2053"]

1. e4 e5 2. Nf3 Nf6 3. Nxe5 d6 4. Nf3 Nxe4 5. d4 d5 6. Bd3 Be7 7. Nbd2 f5 8. c4
c6 9. O-O O-O 10. Qb3 Qb6 11. Re1 Bf6 12. cxd5 Qxb3 13. Nxb3 cxd5 14. Bf4 Nc6
15. Rac1 Bd7 16. Ne5 Nxe5 17. Bxe5 Rac8 18. f3 Ng5 19. Nc5 Bxe5 20. dxe5 Bc6 21.
h4 Nf7 22. Bxf5 Rb8 23. Nd7 Bxd7 24. Bxd7 Nd8 25. e6 1-0

[Event "AUTO-OPEN-3886"]
[Site "http://www.queenalice.com/game.php?id=1526490"]
[Date "2018.5.8"]
[Round "2"]
[White "REUSKING"]
[Black "BigRezi"]
[Result "0-1"]
[WhiteElo "2057"]
[BlackElo "2356"]

1. e4 e5 2. Nf3 Nc6 3. d4 exd4 4. Nxd4 Nxd4 5. Qxd4 Ne7 6. Bc4 Nc6 7. Qd5 Qf6 8.
O-O Bd6 9. Nc3 Be5 10. f4 Bd4+ 11. Kh1 O-O 12. e5 Qh4 13. Qf3 d6 14. g3 Qg4 15.
exd6 Qxf3+ 16. Rxf3 cxd6 17. Bd2 Bf5 18. Bb3 Rae8 19. Re1 Rxe1+ 20. Bxe1 Re8 21.
Rf1 Bh3 0-1

[Event "Challenge"]
[Site "http://www.queenalice.com/game.php?id=1536775"]
[Date "2018.7.29"]
[Round "-"]
[White "REUSKING"]
[Black "ivdsantacruz"]
[Result "1-0"]
[WhiteElo "2050"]
[BlackElo "2047"]

1. e4 e5 2. Nf3 Nc6 3. d4 exd4 4. Nxd4 Nxd4 5. Qxd4 d6 6. Bc4 Be6 7. Bb3 Nf6 8.
O-O Qe7 9. Nc3 c6 10. Bf4 b6 11. Rad1 O-O-O 12. Qa4 Qc7 13. Qa6+ Qb7 14. Qxb7+
Kxb7 15. e5 Nh5 16. Be3 d5 17. Ne4 g6 18. Ng5 Bg7 19. Nxe6 fxe6 20. g4 Bxe5 21.
gxh5 gxh5 22. c3 Rhg8+ 23. Kh1 Rg4 24. f4 Bd6 25. Rg1 e5 26. Rxg4 hxg4 27. f5 h5
28. Bg5 Re8 29. f6 e4 30. f7 Rf8 31. Rf1 Kc7 32. Bh6 e3 33. Bxe3 Rh8 34. Bd4 Rh7
35. f8=Q Bxf8 36. Rxf8 1-0

[Event "Challenge"]
[Site "http://www.queenalice.com/game.php?id=1536780"]
[Date "2018.7.30"]
[Round "-"]
[White "ivdsantacruz"]
[Black "REUSKING"]
[Result "0-1"]
[WhiteElo "2033"]
[BlackElo "2066"]

1. e4 e5 2. Nf3 Nf6 3. Nc3 Nc6 4. d3 Be7 5. Be2 O-O 6. h3 d5 7. exd5 Nxd5 8.
Nxd5 Qxd5 9. O-O Bf5 10. b3 Rad8 11. Bb2 e4 12. Nd2 Bc5 13. Nxe4 Bxe4 14. dxe4
Qxe4 15. Bf3 Qg6 16. Qc1 Rfe8 17. Bc3 Bd4 18. Bxd4 Nxd4 19. Bd1 Ne2+ 20. Bxe2
Rxe2 21. Rd1 Rde8 22. Qf4 R2e7 23. c4 h6 24. a4 c6 25. Kf1 a6 26. a5 Qe6 27. b4
Qe4 28. Qxe4 Rxe4 29. Rac1 g6 30. Rd7 R8e7 31. Rxe7 Rxe7 32. Re1 Kf8 33. Rxe7
Kxe7 34. Ke2 Ke6 35. Kd3 Ke5 36. c5 Kd5 37. f4 f6 38. h4 h5 39. g3 f5 40. Kc3
Ke4 41. Kc4 Kf3 42. Kd4 Kxg3 43. Ke5 Kxh4 44. Kd6 Kg3 45. Kc7 h4 46. Kxb7 h3 47.
Kxa6 h2 48. Kb6 h1=Q 49. a6 Qb1 50. a7 Qxb4+ 51. Kxc6 Qe4+ 52. Kb6 Qa8 53. c6
Kxf4 54. c7 Ke5 0-1

[Event "NO ENGINE"]
[Site "http://www.queenalice.com/game.php?id=1552401"]
[Date "2018.12.9"]
[Round "1"]
[White "victorbush2"]
[Black "REUSKING"]
[Result "1/2-1/2"]
[WhiteElo "2004"]
[BlackElo "2081"]

1. d4 d5 2. c4 e6 3. a3 a5 4. e3 g6 5. Nf3 Bg7 6. Nc3 c6 7. Be2 Nf6 8. O-O O-O
9. c5 Qc7 10. h3 Nbd7 11. b3 e5 12. dxe5 Nxe5 13. Nxe5 Qxe5 14. Bb2 Qg5 15. Kh1
Nd7 16. b4 axb4 17. axb4 Rxa1 18. Bxa1 Nf6 19. f4 Qf5 20. g4 Qd7 21. Bf3 Re8 22.
Re1 Ne4 23. Nxe4 dxe4 24. Bg2 f5 25. Qxd7 Bxd7 26. Bxg7 Kxg7 27. g5 Be6 28. Ra1
Rd8 29. Kg1 Bc4 30. Bf1 Bxf1 31. Kxf1 h6 32. h4 hxg5 33. hxg5 Rh8 34. Kg2 Rd8
35. Ra7 Rb8 36. Kf2 Kf7 37. Ke2 Ke6 38. Kd2 Rd8+ 39. Ke2 Rd7 40. Ra1 Rd3 41. Ra7
Rd7 42. Ra1 Ke7 43. Rd1 Rc7 44. Rd6 Kf7 45. Rf6+ Kg7 46. Re6 Rd7 47. Re8 Kf7 48.
Ra8 Kg7 49. Ra7 Kf7 50. Ra3 Ke7 51. Ra8 Kf7 52. Ra2 Ke7 53. Ra7 1/2-1/2

[Event "NO ENGINE"]
[Site "http://www.queenalice.com/game.php?id=1601925"]
[Date "2020.3.7"]
[Round "4"]
[White "REUSKING"]
[Black "SAMOEL"]
[Result "1-0"]
[WhiteElo "2079"]
[BlackElo "1996"]

1. e4 e5 2. Nf3 d6 3. d4 exd4 4. Nxd4 Qf6 5. Bc4 c5 6. Nb5 Qe7 7. O-O a6 8. N5c3
b5 9. Nd5 Qb7 10. Be2 Ne7 11. Bf4 Nxd5 12. exd5 Be7 13. Bf3 O-O 14. Nd2 Nd7 15.
Ne4 Nf6 16. Nxd6 Qb6 17. Ne4 Nxe4 18. Bxe4 Bd6 19. Qd2 Bxf4 20. Qxf4 g6 21. Rad1
Ra7 22. Rfe1 Rd8 23. Re3 Rad7 24. b3 Bb7 25. c4 bxc4 26. bxc4 Qb4 27. Rc1 Qb2
28. Rce1 Re7 29. Bxg6 Rxe3 30. Qxf7+ Kh8 31. Qxh7# 1-0